000 00584nam a2200229Ia 4500
003 OSt
005 20220928103111.0
006 a|||||r|||| 00| 0
007 ta
008 220927b |||||||| |||| 00| 0 san d
024 _a111842
037 _cTextual
040 _aSDCL
_cSDCL
_bsan
041 _2san
_asan
082 _aP15;3v, L3.3
100 _aMimansak Yudhisthir
_9402245
245 0 _aSanskrit vaikaran-shastra ka itihas
260 _c1973
300 _a198p.
_ccm.
942 _hP15;3v, L3.3
_cTEXL
_2CC
999 _c718083
_d718083